OPEC General Knowledge Quiz - Statistics

General Stats
  • This quiz has been taken 2 times
  • The average score is 7 of 17
Answer Stats
Hint Answer % Correct
What unit is commonly used globally for oil production? Barrel
100%
Which African country joined OPEC early and is one of its largest producers? Nigeria
100%
Which country is the largest Oil Producer in OPEC? Saudi-Arabia
100%
Which South American country is a founding member of OPEC? Venezuela
100%
What type of market structure is OPEC often described as influencing? Cartel
50%
What broader category of fuels does oil belong to? Fossil Fuels
50%
Where was it located before? Geneva
50%
What does the P in OPEC stands for? Petroleum
50%
What is the Main Goal of OPEC? Stabilize oil prices
50%
Where is the Headquarter of OPEC located? Vienna
50%
In which year was OPEC founded? 1960
0%
And in which city was it founded? Baghdad
0%
Which country left OPEC but came back? Ecuador
0%
Which country left OPEC twice? Indonesia
0%
From which country is the current Secretary General of OPEC? Kuwait
0%
Which OPEC member has often been exempt from production quotas due to internal conflict and instability? Libya
0%
What group includes OPEC members and other oil-producing countries, whichare not in OPEC? OPEC Plus
0%
No matching quizzes found
Score Distribution
Percent of People with Each Score
Percentile by Number Answered
Your Score History
You have not taken this quiz